[Event "4NCL Online Division 6"]
[Site "online"]
[Date "2020.10.06"]
[Round "4.131"]
[White "Michalek, Lukasz"]
[Black "Wright, Nigel"]
[Result "1/2-1/2"]
[WhiteElo "1562"]
[BlackElo "1697"]
[PlyCount "116"]
[EventDate "2020.10.06"]
[WhiteTeam "Crewe BOL"]
[BlackTeam "Ashfield Anonymous D"]

1. e4 d6 2. d4 c6 3. Nf3 Bg4 4. Be3 Qc7 5. c4 Nd7 6. Nc3 Ngf6 7. Bd3 e5 8. d5
Be7 9. h3 Bh5 10. b4 a6 11. Rb1 h6 12. O-O O-O 13. a4 Rfe8 14. Be2 Bg6 15. Qd3
cxd5 16. cxd5 Rec8 17. Rfc1 Qd8 18. Nh4 Bh7 19. g3 Rc7 20. b5 Nc5 21. Bxc5 Rxc5
22. bxa6 bxa6 23. Nf5 Bxf5 24. exf5 Qa5 25. Ne4 Nxe4 26. Qxe4 Rac8 27. Rxc5
Rxc5 28. Rb8+ Bf8 29. Bd3 Qd2 30. f6 g6 31. Qb4 Qxb4 32. Rxb4 Rxd5 33. Bxa6
Rd1+ 34. Kg2 d5 35. Be2 Rd2 36. Rb5 Rxe2 37. Rxd5 Ra2 38. Kf3 Rxa4 39. Rxe5
Ra3+ 40. Ke4 Ra2 41. Kf3 h5 42. g4 Ra3+ 43. Kg2 hxg4 44. hxg4 Ra6 45. g5 Re6
46. Rxe6 fxe6 47. Kf3 Kf7 48. Ke4 Bd6 49. f3 Bb4 50. f4 Bc3 51. Kd3 Bxf6 52.
gxf6 Kxf6 53. Ke4 Ke7 54. Ke5 Kf7 55. Kd4 Ke7 56. Ke5 Kf7 57. Kd4 Kf6 58. Ke4
Ke7 1/2-1/2

[Event "4NCL Online Division 6"]
[Site "online"]
[Date "2020.10.06"]
[Round "4.132"]
[White "Taylor, Robert P"]
[Black "Fields, Adam"]
[Result "1-0"]
[WhiteElo "1735"]
[BlackElo "1450"]
[PlyCount "87"]
[EventDate "2020.10.06"]
[WhiteTeam "Ashfield Anonymous D"]
[BlackTeam "Crewe BOL"]

1. d4 Nf6 2. Bg5 d5 3. e3 Ne4 4. Bf4 Bf5 5. c4 c6 6. Qb3 Qb6 7. cxd5 Qxb3 8.
axb3 cxd5 9. Bxb8 Rxb8 10. Rxa7 e6 11. Nf3 Nd6 12. Nc3 Be7 13. Be2 O-O 14. O-O
Rfc8 15. Ne5 f6 16. Nd3 Ra8 17. Rfa1 Rab8 18. Nc5 Kf7 19. Nd7 Ne4 20. Nxb8 Rxb8
21. Nxe4 Bxe4 22. f3 Bc2 23. Bd1 Bxd1 24. Rxd1 b5 25. Rc1 Kf8 26. Rcc7 Re8 27.
Kf2 h5 28. Ke2 b4 29. Kd3 g5 30. g4 hxg4 31. fxg4 Kf7 32. h3 Kf8 33. Rc6 Kf7
34. e4 Rd8 35. Rcc7 Re8 36. e5 f5 37. gxf5 exf5 38. Ke3 Kf8 39. Kf3 Kf7 40.
Rab7 Kf8 41. Rd7 Rc8 42. Rxe7 Rc2 43. Rf7+ Ke8 44. Rh7 1-0

[Event "4NCL Online Division 6"]
[Site "online"]
[Date "2020.10.06"]
[Round "4.133"]
[White "Nienaber, Kobus"]
[Black "Hardman, Daniel"]
[Result "0-1"]
[WhiteElo "1435"]
[BlackElo "1675"]
[PlyCount "44"]
[EventDate "2020.10.06"]
[WhiteTeam "Crewe BOL"]
[BlackTeam "Ashfield Anonymous D"]

1. d4 Nf6 2. Bf4 g6 3. Nc3 Bg7 4. Nf3 d6 5. e3 O-O 6. Bd3 Nh5 7. Bg3 Nd7 8. Qe2
c5 9. O-O-O a6 10. Be4 Rb8 11. Bd5 b5 12. e4 Qa5 13. e5 cxd4 14. Nxd4 Nxg3 15.
hxg3 Nxe5 16. Nc6 Nxc6 17. Bxc6 b4 18. Na4 Be6 19. b3 Rfc8 20. Qe4 Bf5 21. Qh4
Rxc6 22. Rd2 Qe5 0-1

[Event "4NCL Online Division 6"]
[Site "online"]
[Date "2020.10.06"]
[Round "4.141"]
[White "Newton, Ben"]
[Black "Albu, Gheorghe"]
[Result "0-1"]
[WhiteElo "1682"]
[BlackElo "2132"]
[PlyCount "64"]
[EventDate "2020.10.06"]
[WhiteTeam "Ashton 2"]
[BlackTeam "Braunstone"]

1. e4 e5 2. Nf3 Nc6 3. d4 exd4 4. Nxd4 Nf6 5. Nc3 Bb4 6. Nxc6 bxc6 7. Bg5 h6 8.
Bxf6 Qxf6 9. Qd2 O-O 10. Bd3 d5 11. a3 Bxc3 12. Qxc3 Qxc3+ 13. bxc3 dxe4 14.
Bxe4 Re8 15. O-O Rxe4 16. Rfd1 Ba6 17. Re1 Rae8 18. Rxe4 Rxe4 19. Rd1 Re2 20.
Rc1 f5 21. g3 Kf7 22. Kg2 Ke6 23. Kf3 g5 24. h3 Ke5 25. Kg2 Bc4 26. Kf3 h5 27.
Kg2 Bd5+ 28. Kf1 Bf3 29. Re1 Rxe1+ 30. Kxe1 h4 31. gxh4 gxh4 32. Kf1 Kd5 0-1

[Event "4NCL Online Division 6"]
[Site "online"]
[Date "2020.10.06"]
[Round "4.142"]
[White "Bray, David"]
[Black "Mundy, Jack"]
[Result "1-0"]
[WhiteElo "2042"]
[BlackElo "1472"]
[PlyCount "59"]
[EventDate "2020.10.06"]
[WhiteTeam "Braunstone"]
[BlackTeam "Ashton 2"]

1. Nf3 d5 2. d4 Nf6 3. c4 c6 4. g3 Bf5 5. Bg2 e6 6. Qb3 b6 7. O-O Bd6 8. Nc3
O-O 9. cxd5 exd5 10. Nh4 Qc8 11. Nxf5 Qxf5 12. f3 Nbd7 13. e4 dxe4 14. fxe4 Qg4
15. Bf3 Qh3 16. Bg2 Qg4 17. Be3 Rae8 18. e5 Nh5 19. Qd1 Qxd1 20. Raxd1 Bb8 21.
Bxc6 Nxe5 22. dxe5 Rxe5 23. Bd4 Rg5 24. Bg2 f5 25. Bd5+ Kh8 26. Bf3 Nf4 27. Kh1
Ne6 28. Be3 Rg6 29. Nd5 Ng5 30. Ne7 1-0

[Event "4NCL Online Division 6"]
[Site "online"]
[Date "2020.10.06"]
[Round "4.143"]
[White "Custy, Alicia"]
[Black "Tang, Julian"]
[Result "1-0"]
[WhiteElo "1217"]
[BlackElo "1840"]
[PlyCount "50"]
[EventDate "2020.10.06"]
[WhiteTeam "Ashton 2"]
[BlackTeam "Braunstone"]

1. e4 e5 2. Nf3 Nc6 3. d4 exd4 4. Bc4 Nf6 5. O-O Bc5 6. e5 Ng4 7. Bxf7+ Kxf7 8.
Ng5+ Kg8 9. Qxg4 d5 10. e6 h6 11. Nf7 h5 12. Qg6 Ne7 13. Qg5 Qf8 14. Nxh8 Kxh8
15. Qxh5+ Kg8 16. Qe2 d3 17. cxd3 Qf6 18. Re1 c6 19. Be3 Bb4 20. Nc3 d4 21. Ne4
Qf7 22. exf7+ Kxf7 23. Qf3+ Nf5 24. Bd2 Bxd2 25. Nxd2 Bd7 1-0

[Event "4NCL Online Division 6"]
[Site "online"]
[Date "2020.10.06"]
[Round "4.151"]
[White "Williams, Duncan"]
[Black "Bromilow, Edward T"]
[Result "1-0"]
[WhiteElo "1847"]
[BlackElo "1870"]
[PlyCount "47"]
[EventDate "2020.10.06"]
[WhiteTeam "Morriston Benko"]
[BlackTeam "Ashfield Anonymous C"]

1. e4 c6 2. d4 d5 3. exd5 cxd5 4. Bd3 Nf6 5. Bf4 g6 6. Nf3 Bg7 7. c3 O-O 8. O-O
Bf5 9. Bxf5 gxf5 10. Ne5 Nc6 11. Nd2 Nxe5 12. dxe5 Ne4 13. Nxe4 fxe4 14. Qg4
Qb6 15. Rad1 Rad8 16. Rfe1 Qg6 17. Qh4 Qf5 18. Re3 Kh8 19. Rh3 Rg8 20. Kh1 Bf8
21. Qh5 Qg6 22. Bg5 f6 23. exf6 exf6 24. Bxf6+ 1-0

[Event "4NCL Online Division 6"]
[Site "online"]
[Date "2020.10.06"]
[Round "4.152"]
[White "Graham, Neil"]
[Black "Smith, Andrew R"]
[Result "1/2-1/2"]
[WhiteElo "1847"]
[BlackElo "1692"]
[PlyCount "24"]
[EventDate "2020.10.06"]
[WhiteTeam "Ashfield Anonymous C"]
[BlackTeam "Morriston Benko"]

1. d4 d5 2. e4 e6 3. Be3 dxe4 4. Nd2 Nf6 5. f3 Nd5 6. Qe2 Nc6 7. c3 exf3 8.
Ngxf3 Be7 9. Qf2 O-O 10. Bd3 e5 11. O-O Nxe3 12. Qxe3 exd4 1/2-1/2

[Event "4NCL Online Division 6"]
[Site "online"]
[Date "2020.10.06"]
[Round "4.153"]
[White "Jones, Huw"]
[Black "Pettinger, Martin"]
[Result "0-1"]
[WhiteElo "1624"]
[BlackElo "1727"]
[PlyCount "76"]
[EventDate "2020.10.06"]
[WhiteTeam "Morriston Benko"]
[BlackTeam "Ashfield Anonymous C"]

1. d4 Nf6 2. Nc3 d6 3. e4 g6 4. Be3 c6 5. f3 b5 6. a3 Nbd7 7. Qd2 h5 8. d5 cxd5
9. Nxd5 e6 10. Nxf6+ Qxf6 11. Bd4 e5 12. Be3 a6 13. c4 Rb8 14. cxb5 axb5 15. b4
Be7 16. Ne2 d5 17. Qxd5 Bb7 18. Qb3 O-O 19. Nc3 Bc6 20. Be2 Bd8 21. O-O Bb6 22.
Bxb6 Rxb6 23. Rfd1 Rbb8 24. Rd2 Qg5 25. Rad1 Qe3+ 26. Kh1 Nb6 27. Qc2 Nc4 28.
Bxc4 bxc4 29. Re2 Qb6 30. h3 Ra8 31. Qb2 Rfd8 32. Rxd8+ Rxd8 33. Rd2 Rd4 34.
Ne2 Rd3 35. Rxd3 cxd3 36. Nc1 Qe3 37. b5 d2 38. Qc2 dxc1=Q+ 0-1

[Event "4NCL Online Division 6"]
[Site "online"]
[Date "2020.10.06"]
[Round "4.154"]
[White "Shaw, John S"]
[Black "Giannini, John"]
[Result "1-0"]
[WhiteElo "1735"]
[BlackElo "850"]
[PlyCount "55"]
[EventDate "2020.10.06"]
[WhiteTeam "Ashfield Anonymous C"]
[BlackTeam "Morriston Benko"]

1. d4 d5 2. c4 Nf6 3. cxd5 Qxd5 4. Nc3 Qd8 5. Nf3 Nc6 6. d5 Nb4 7. Qa4+ Qd7 8.
Qxb4 Nxd5 9. Nxd5 Qxd5 10. e4 e6 11. Qxf8+ Rxf8 12. exd5 exd5 13. Bf4 c6 14.
Bd3 f5 15. O-O Rf6 16. Rfe1+ Be6 17. Nd4 O-O-O 18. Rxe6 Rg6 19. Bxf5 Rxe6 20.
Bxe6+ Rd7 21. Re1 Kd8 22. Bg5+ Kc8 23. Bxd7+ Kc7 24. Bg4 h6 25. Ne6+ Kb6 26.
Bd8+ Ka6 27. Be2+ b5 28. Nc5# 1-0

[Event "4NCL Online Division 6"]
[Site "online"]
[Date "2020.10.06"]
[Round "4.161"]
[White "Wilson, Matthew R"]
[Black "Trudeau, Gary"]
[Result "1-0"]
[WhiteElo "1758"]
[BlackElo "1780"]
[PlyCount "77"]
[EventDate "2020.10.06"]
[WhiteTeam "Wolfpack"]
[BlackTeam "Calstock Killers"]

1. e4 c5 2. Nf3 e6 3. b3 Nc6 4. Bb2 d5 5. Bb5 Bd7 6. exd5 exd5 7. O-O Nf6 8.
Re1+ Be6 9. Ng5 Qd6 10. Qe2 Kd7 11. Be5 Qe7 12. d4 h6 13. Nf3 Ne4 14. h3 f6 15.
Bh2 Re8 16. a4 a6 17. Bxc6+ Kxc6 18. c4 Qd7 19. Qd3 Bd6 20. Nc3 Bxh2+ 21. Kxh2
Nxc3 22. Qxc3 Qd6+ 23. Kg1 b6 24. a5 Kb7 25. axb6 Qxb6 26. Reb1 Qb4 27. Qc2 a5
28. Ra4 Qb6 29. Rba1 Ra8 30. Qc3 Bd7 31. Rxa5 Rxa5 32. Rxa5 Qb4 33. Qxb4+ cxb4
34. Rxd5 Bc6 35. Ra5 Re8 36. d5 Bd7 37. c5 Bf5 38. Rb5+ Ka6 39. Rxb4 1-0

[Event "4NCL Online Division 6"]
[Site "online"]
[Date "2020.10.06"]
[Round "4.162"]
[White "Kirkman, Nigel J"]
[Black "Hayden, Luke"]
[Result "0-1"]
[WhiteElo "1772"]
[BlackElo "1581"]
[PlyCount "40"]
[EventDate "2020.10.06"]
[WhiteTeam "Calstock Killers"]
[BlackTeam "Wolfpack"]

1. c4 e5 2. g3 Nf6 3. Bg2 d5 4. cxd5 Nxd5 5. Nc3 Nxc3 6. bxc3 c5 7. Rb1 Nc6 8.
d3 Qc7 9. f4 exf4 10. Bxf4 Bd6 11. Bxd6 Qxd6 12. Nf3 O-O 13. O-O b6 14. d4 Bf5
15. Rb2 Rad8 16. Nh4 Bg4 17. Rd2 cxd4 18. cxd4 Nxd4 19. Rf2 Bxe2 20. Rfxe2
Nxe2+ 0-1

[Event "4NCL Online Division 6"]
[Site "online"]
[Date "2020.10.06"]
[Round "4.163"]
[White "Wootton, Stephen G"]
[Black "Henderson, Jason"]
[Result "1/2-1/2"]
[WhiteElo "1637"]
[BlackElo "1697"]
[PlyCount "92"]
[EventDate "2020.10.06"]
[WhiteTeam "Wolfpack"]
[BlackTeam "Calstock Killers"]

1. e4 e6 2. d4 d5 3. Nc3 Nf6 4. e5 Nfd7 5. f4 c5 6. Nf3 a6 7. Be3 Nc6 8. Be2
Be7 9. Qd2 b5 10. dxc5 Nxc5 11. a3 Bb7 12. Nd4 Rc8 13. O-O O-O 14. Nxc6 Bxc6
15. b4 Nd7 16. Bd4 Nb6 17. Nd1 Bb7 18. Ne3 f5 19. exf6 Bxf6 20. c3 Bxd4 21.
Qxd4 Na4 22. Rac1 Qc7 23. Nd1 Qb6 24. Qxb6 Nxb6 25. Nb2 Rc7 26. Bg4 Re8 27.
Rfe1 Rce7 28. Re5 Nc4 29. Nxc4 dxc4 30. Rce1 Kf7 31. h4 Bd5 32. h5 Ra8 33. f5
Rae8 34. fxe6+ Bxe6 35. Bf3 Bc8 36. Bd5+ Kf6 37. Rxe7 Rxe7 38. Rxe7 Kxe7 39.
Bf3 Kf6 40. Kf2 Kg5 41. Kg3 h6 42. Be2 Bb7 43. Bd1 Bc6 44. Be2 Bb7 45. Bd1 Bc6
46. Be2 Bb7 1/2-1/2

[Event "4NCL Online Division 6"]
[Site "online"]
[Date "2020.10.06"]
[Round "4.164"]
[White "Hill, Michael"]
[Black "Gliddon, Daniel J"]
[Result "1-0"]
[WhiteElo "1675"]
[BlackElo "1509"]
[PlyCount "149"]
[EventDate "2020.10.06"]
[WhiteTeam "Calstock Killers"]
[BlackTeam "Wolfpack"]

1. Nf3 Nc6 2. c4 e5 3. d3 Nf6 4. Nbd2 d5 5. cxd5 Nxd5 6. a3 Bd6 7. e3 O-O 8.
Be2 f5 9. Nc4 Qe7 10. Qc2 e4 11. Nfd2 Bd7 12. dxe4 fxe4 13. Nxd6 cxd6 14. Qxe4
Qf7 15. Bf3 Nf6 16. Qd3 d5 17. Qb3 Ne5 18. O-O Nxf3+ 19. Nxf3 Be6 20. Nd4 Bg4
21. f3 Bh5 22. Bd2 Rae8 23. Bb4 Qg6 24. Bxf8 Rxf8 25. Ne6 Re8 26. Nf4 Qf7 27.
Nxh5 Nxh5 28. Rad1 Nf6 29. e4 Re5 30. Qc3 Qe8 31. Qb3 Qf7 32. Qc3 Qe8 33. exd5
Nxd5 34. Qb3 Qc6 35. Rfe1 Qc5+ 36. Kh1 Rxe1+ 37. Rxe1 Kf8 38. h3 b6 39. Qd1 Qc6
40. Qd2 Qa8 41. Rd1 Nf6 42. Qb4+ Kf7 43. Qd6 Qc8 44. Re1 Qb7 45. Rc1 Ne8 46.
Qf4+ Kg8 47. Re1 Nf6 48. Qc4+ Kf8 49. Rc1 Ne8 50. Rd1 a5 51. Qe6 Qc7 52. Re1
Nf6 53. Qe5 Qd8 54. Qc3 Qd7 55. b4 a4 56. Rc1 Ne8 57. Qc6 Qa7 58. Re1 Qb8 59.
Qxa4 b5 60. Qc2 Nf6 61. Qc5+ Kg8 62. Qc6 Kf7 63. Rc1 Ne8 64. Rc5 g6 65. Qxb5
Qg3 66. Qd7+ Kf8 67. Qe6 Qf2 68. Rc8 Qf1+ 69. Kh2 Qb5 70. Rxe8+ Qxe8 71. Qxe8+
Kxe8 72. Kg3 Kd7 73. Kf4 Kc6 74. Kg5 Kb5 75. Kh6 1-0

[Event "4NCL Online Division 6"]
[Site "online"]
[Date "2020.10.06"]
[Round "4.171"]
[White "Stewart, Alastair G"]
[Black "Lampard, Alice"]
[Result "1-0"]
[WhiteElo "1576"]
[BlackElo "2005"]
[PlyCount "53"]
[EventDate "2020.10.06"]
[WhiteTeam "East Kilbride Wanderers"]
[BlackTeam "Wells Globetrotters"]

1. d4 Nf6 2. Nf3 g6 3. e3 Bg7 4. Bd3 d5 5. Nbd2 O-O 6. O-O Nbd7 7. c3 c5 8. b4
c4 9. Bc2 Ne8 10. e4 e6 11. e5 f6 12. exf6 Nexf6 13. Ng5 Qb6 14. Qe2 Re8 15.
Ndf3 Nf8 16. Ne5 N6d7 17. f4 Nxe5 18. fxe5 Nd7 19. Nxh7 Re7 20. Bg5 Rf7 21.
Rxf7 Kxf7 22. Rf1+ Kg8 23. Bxg6 Nxe5 24. Qh5 Nxg6 25. Qxg6 Bd7 26. Bh6 e5 27.
Qxg7# 1-0

[Event "4NCL Online Division 6"]
[Site "online"]
[Date "2020.10.06"]
[Round "4.172"]
[White "Strong, Chris M"]
[Black "Dunn, Jeff"]
[Result "1-0"]
[WhiteElo "1795"]
[BlackElo "1350"]
[PlyCount "97"]
[EventDate "2020.10.06"]
[WhiteTeam "Wells Globetrotters"]
[BlackTeam "East Kilbride Wanderers"]

1. e4 c5 2. Nf3 Nc6 3. d4 cxd4 4. Nxd4 g6 5. Nc3 a6 6. Bc4 Bg7 7. Be3 e6 8. Qd2
Nf6 9. f3 O-O 10. O-O-O Qc7 11. Bh6 Rd8 12. Bxg7 Kxg7 13. Nb3 Na5 14. Be2 Nxb3+
15. axb3 b5 16. h4 h5 17. Qg5 d6 18. g4 Nh7 19. Qf4 e5 20. Qe3 Nf6 21. g5 Nh7
22. Nd5 Qa5 23. Qc3 Qxc3 24. Nxc3 Be6 25. Rd2 Rd7 26. Rhd1 Rad8 27. Rf1 d5 28.
exd5 Bxd5 29. Nxd5 Rxd5 30. Rfd1 Rxd2 31. Rxd2 Rxd2 32. Kxd2 Nf8 33. Kc3 Ne6
34. Kb4 Nc7 35. Kc5 Ne6+ 36. Kb6 Nd4 37. Bd1 Kf8 38. Kxa6 Ke7 39. Kb6 Kd6 40.
c4 bxc4 41. bxc4 Ne6 42. b4 Kd7 43. Ba4+ Kc8 44. Be8 Nd4 45. Bxf7 Nxf3 46. Bxg6
Nxh4 47. Bxh5 e4 48. g6 e3 49. g7 1-0

[Event "4NCL Online Division 6"]
[Site "online"]
[Date "2020.10.06"]
[Round "4.173"]
[White "Shrestha, Unnabh"]
[Black "Johnson, RN Phil"]
[Result "0-1"]
[WhiteElo "1085"]
[BlackElo "1622"]
[PlyCount "81"]
[EventDate "2020.10.06"]
[WhiteTeam "East Kilbride Wanderers"]
[BlackTeam "Wells Globetrotters"]

1. d4 c6 2. Bf4 d5 3. e3 Bf5 4. Nf3 e6 5. c3 b5 6. Bd3 Bg4 7. Nbd2 Nf6 8. Qc2
Nbd7 9. a3 Nb6 10. h3 Bh5 11. O-O Bd6 12. Be5 Bg6 13. e4 Bxe5 14. Nxe5 Rc8 15.
Nxg6 hxg6 16. e5 Nfd7 17. Nb3 Qg5 18. f4 Qd8 19. Rf3 Nc4 20. Rg3 Qb6 21. Bxg6
fxg6 22. Qxg6+ Kd8 23. Rf1 Kc7 24. f5 Ncxe5 25. Qg5 exf5 26. Rxf5 Rce8 27. Qf4
Kc8 28. Rxg7 Rhf8 29. Kh1 Nd3 30. Rxf8 Rxf8 31. Qg4 Nf2+ 32. Kh2 Nxg4+ 33. Rxg4
a5 34. h4 Nf6 35. Rf4 Nd7 36. Rg4 Qc7+ 37. Kh3 Nf6 38. Rg3 Ne4 39. Rg5 a4 40.
Nc1 Nxg5+ 41. hxg5 0-1

[Event "4NCL Online Division 6"]
[Site "online"]
[Date "2020.10.06"]
[Round "4.174"]
[White "Austin, Antony"]
[Black "Nagar, Pankaj"]
[Result "1-0"]
[WhiteElo "1345"]
[BlackElo "770"]
[PlyCount "147"]
[EventDate "2020.10.06"]
[WhiteTeam "Wells Globetrotters"]
[BlackTeam "East Kilbride Wanderers"]

1. d4 d5 2. Bf4 Bf5 3. Nf3 e6 4. e3 Nc6 5. a3 Nf6 6. Nbd2 Bd6 7. Ne5 Qe7 8. c4
Qf8 9. cxd5 exd5 10. Bb5 Nd7 11. O-O Ncxe5 12. dxe5 Be7 13. Nb3 O-O-O 14. Qc1
Nc5 15. Nd4 Nd3 16. Qc3 Nxf4 17. exf4 Bd7 18. Rac1 c6 19. Bd3 Bc5 20. Qxc5 Qxc5
21. Rxc5 h5 22. b4 Kb8 23. a4 Rc8 24. f5 Rhe8 25. f6 gxf6 26. exf6 Rh8 27. Nf5
Bxf5 28. Bxf5 Rc7 29. Rfc1 Rh6 30. b5 Rxf6 31. Bh3 Rd6 32. f3 a6 33. bxa6 bxa6
34. Rb1+ Ka7 35. g3 d4 36. Rd1 Kb6 37. Rc4 c5 38. Bf1 Rcd7 39. Rb1+ Kc6 40. Bd3
Rf6 41. f4 h4 42. Be4+ Kd6 43. Rb6+ Ke7 44. Rxf6 Kxf6 45. Rxc5 hxg3 46. hxg3 d3
47. Rc1 d2 48. Rd1 Rd4 49. Bc2 Kg7 50. Kf2 Kh6 51. Ke2 Kh5 52. Rxd2 Rxd2+ 53.
Kxd2 Kg4 54. Bb3 Kxg3 55. Bxf7 Kxf4 56. Kc3 Ke5 57. Kc4 Kd6 58. Bd5 a5 59. Bf3
Kc7 60. Kb5 Kb8 61. Kxa5 Ka7 62. Be4 Kb8 63. Kb6 Kc8 64. a5 Kb8 65. a6 Kc8 66.
a7 Kd8 67. a8=Q+ Ke7 68. Qd5 Kf6 69. Kc6 Kg7 70. Qe6 Kf8 71. Kd7 Kg7 72. Ke7
Kh8 73. Qh6+ Kg8 74. Qh7# 1-0

[Event "4NCL Online Division 6"]
[Site "online"]
[Date "2020.10.06"]
[Round "4.181"]
[White "Heath, Chris W"]
[Black "Rodrigo, Y Jan"]
[Result "0-1"]
[WhiteElo "1810"]
[BlackElo "1795"]
[PlyCount "84"]
[EventDate "2020.10.06"]
[WhiteTeam "Horsham 2"]
[BlackTeam "Camborne Pendarves"]

1. e4 d6 2. d4 Nf6 3. Nc3 Nbd7 4. Bc4 e5 5. Nf3 Be7 6. O-O h6 7. h3 c6 8. Bb3
Qc7 9. Be3 Nf8 10. Nh2 g5 11. Qe2 Ng6 12. dxe5 dxe5 13. Rad1 Nf4 14. Bxf4 gxf4
15. Qc4 Be6 16. Nd5 Nxd5 17. exd5 b5 18. Qxc6+ Qxc6 19. dxc6 Bxb3 20. cxb3 Rc8
21. Nf3 f6 22. Rc1 Kf7 23. Rfd1 Rc7 24. Rc2 Rhc8 25. Rdc1 Ke6 26. Nh4 a5 27.
Nf3 f5 28. Re1 e4 29. Nd4+ Ke5 30. Nxb5 Rxc6 31. Rxc6 Rxc6 32. Nc3 Rd6 33. Re2
Rd3 34. Kf1 Bc5 35. Na4 Bb4 36. Nc3 Bxc3 37. bxc3 Rxc3 38. Ke1 e3 39. Kd1 Kd4
40. f3 Kd3 41. Rb2 Rc5 42. Re2 Rc1+ 0-1

[Event "4NCL Online Division 6"]
[Site "online"]
[Date "2020.10.06"]
[Round "4.182"]
[White "Gill, Percy TP"]
[Black "Marshall, W John"]
[Result "1-0"]
[WhiteElo "1757"]
[BlackElo "1757"]
[PlyCount "43"]
[EventDate "2020.10.06"]
[WhiteTeam "Camborne Pendarves"]
[BlackTeam "Horsham 2"]

1. d4 Nf6 2. c4 c5 3. d5 d6 4. Nc3 g6 5. e4 Bg7 6. h3 O-O 7. Bd3 Na6 8. Nf3 Nc7
9. O-O a6 10. a4 Bd7 11. Be3 e6 12. Qd2 exd5 13. exd5 Re8 14. Bg5 Qc8 15. Qf4
Nh5 16. Qh2 b5 17. axb5 axb5 18. Rxa8 Qxa8 19. Qxd6 bxc4 20. Qxc7 Bxh3 21. Bxc4
Bf5 22. d6 1-0

[Event "4NCL Online Division 6"]
[Site "online"]
[Date "2020.10.06"]
[Round "4.183"]
[White "Barrowclough, Richard"]
[Black "Oates, Thomas"]
[Result "1-0"]
[WhiteElo "1547"]
[BlackElo "1682"]
[PlyCount "67"]
[EventDate "2020.10.06"]
[WhiteTeam "Horsham 2"]
[BlackTeam "Camborne Pendarves"]

1. e4 c5 2. Nc3 Nc6 3. g3 d6 4. Bg2 e6 5. Nf3 g6 6. O-O Bg7 7. d3 Nge7 8. Re1
O-O 9. Rb1 a6 10. a4 Rb8 11. Ne2 d5 12. Bg5 Qc7 13. Bf4 e5 14. Be3 d4 15. Bd2
b5 16. axb5 axb5 17. Qc1 Rd8 18. Ra1 c4 19. Bh6 Bh8 20. Qd2 Be6 21. Ng5 Bg4 22.
Ra2 Bxe2 23. Rxe2 cxd3 24. cxd3 Qd6 25. Re1 Nb4 26. Raa1 Rdc8 27. Rec1 Nec6 28.
Bh3 Re8 29. Ra3 Ra8 30. Rca1 Rxa3 31. bxa3 Ra8 32. Qd1 Na6 33. Qb3 Rb8 34.
Qxf7# 1-0

[Event "4NCL Online Division 6"]
[Site "online"]
[Date "2020.10.06"]
[Round "4.184"]
[White "Pope, Martin"]
[Black "Turvey, Guy"]
[Result "1-0"]
[WhiteElo "1660"]
[BlackElo "1412"]
[PlyCount "83"]
[EventDate "2020.10.06"]
[WhiteTeam "Camborne Pendarves"]
[BlackTeam "Horsham 2"]

1. Nf3 d5 2. c4 c6 3. cxd5 cxd5 4. d4 Nf6 5. Nc3 e6 6. Bg5 Nc6 7. e3 Qb6 8. Bb5
a6 9. Bxc6+ bxc6 10. Rb1 Bd6 11. O-O Nd7 12. Bh4 f6 13. Bg3 e5 14. Qc2 Qc7 15.
Na4 e4 16. Bxd6 Qxd6 17. Nd2 Rb8 18. Nb3 O-O 19. Nbc5 Nb6 20. Nxb6 Rxb6 21. f3
exf3 22. Rxf3 g6 23. Rbf1 Bf5 24. Qd2 Rfb8 25. b3 h5 26. h3 Rf8 27. Rf4 Kg7 28.
Qa5 Rb5 29. Qxa6 Qc7 30. a4 Rb4 31. Rxf5 Qc8 32. Qxc8 Rxc8 33. Rxf6 Re8 34.
Rf7+ Kh6 35. R1f3 Kg5 36. g3 Rbb8 37. Kg2 h4 38. gxh4+ Kxh4 39. R7f4+ Kh5 40.
Nd7 Rxb3 41. Nf6+ Kh6 42. Nxe8 1-0

[Event "4NCL Online Division 6"]
[Site "online"]
[Date "2020.10.06"]
[Round "4.191"]
[White "Sugden, Freddie"]
[Black "Buanne, Luca"]
[Result "0-1"]
[WhiteElo "1667"]
[BlackElo "2005"]
[PlyCount "66"]
[EventDate "2020.10.06"]
[WhiteTeam "Hackney Hungry"]
[BlackTeam "Battersea Juniors"]

1. e4 c5 2. d4 cxd4 3. c3 dxc3 4. Nxc3 e6 5. Bc4 Nf6 6. Nf3 Bb4 7. Qe2 d5 8.
exd5 Nxd5 9. O-O Bxc3 10. bxc3 O-O 11. Bb2 Nf4 12. Qe4 Qc7 13. Rad1 Ng6 14.
Rfe1 Nc6 15. h4 Qf4 16. Qxf4 Nxf4 17. Bb5 a6 18. Bxc6 bxc6 19. Ne5 Ng6 20. Nxc6
Nxh4 21. Ne7+ Kh8 22. Ba3 Bb7 23. Rd4 g5 24. f4 Nxg2 25. Rb1 Nxf4 26. Rxb7 Ne2+
27. Kf2 Nxd4 28. cxd4 Rfb8 29. Rc7 Kg7 30. Nc6 Rc8 31. Rxc8 Rxc8 32. Ne5 Rc2+
33. Ke3 Rc3+ 0-1

[Event "4NCL Online Division 6"]
[Site "online"]
[Date "2020.10.06"]
[Round "4.192"]
[White "Dupuis, Denis K"]
[Black "Morgan, Marc"]
[Result "1-0"]
[WhiteElo "1870"]
[BlackElo "1660"]
[PlyCount "45"]
[EventDate "2020.10.06"]
[WhiteTeam "Battersea Juniors"]
[BlackTeam "Hackney Hungry"]

1. e4 e5 2. Nf3 Nc6 3. Bc4 h6 4. d4 exd4 5. Nxd4 Nxd4 6. Qxd4 d6 7. O-O Be6 8.
Nc3 c5 9. Qd3 Nf6 10. Bf4 Bxc4 11. Qxc4 Be7 12. Rad1 a6 13. e5 b5 14. Qe2 Nh5
15. Qxh5 O-O 16. exd6 Bf6 17. Nd5 Bxb2 18. Ne7+ Kh7 19. Rfe1 Qd7 20. Re3 Bf6
21. Nf5 Bg5 22. Qg4 Bxf4 23. Qxg7# 1-0

[Event "4NCL Online Division 6"]
[Site "online"]
[Date "2020.10.06"]
[Round "4.193"]
[White "Burgoyne, Peter A"]
[Black "Chaban, Roxolana"]
[Result "0-1"]
[WhiteElo "1652"]
[BlackElo "1735"]
[PlyCount "42"]
[EventDate "2020.10.06"]
[WhiteTeam "Hackney Hungry"]
[BlackTeam "Battersea Juniors"]

1. e4 c5 2. c3 d5 3. exd5 Qxd5 4. d4 Nf6 5. Nf3 Nc6 6. Na3 Bg4 7. Be2 cxd4 8.
Nb5 O-O-O 9. cxd4 Bxf3 10. gxf3 a6 11. Nc3 Qxd4 12. Qb3 e6 13. Be3 Qb4 14. Qc2
Bc5 15. O-O Bxe3 16. fxe3 Qb6 17. Kf2 Nd5 18. Nxd5 Rxd5 19. Rac1 g6 20. b4 Qxb4
21. Bxa6 Rd2+ 0-1

[Event "4NCL Online Division 6"]
[Site "online"]
[Date "2020.10.06"]
[Round "4.194"]
[White "Steiners, Emils"]
[Black "Jones, Zebedee"]
[Result "1-0"]
[WhiteElo "1442"]
[BlackElo "1637"]
[PlyCount "87"]
[EventDate "2020.10.06"]
[WhiteTeam "Battersea Juniors"]
[BlackTeam "Hackney Hungry"]

1. d4 Nf6 2. c4 g6 3. Nc3 Bg7 4. e4 d6 5. Nf3 O-O 6. Be2 a5 7. O-O Na6 8. h3
Nd7 9. a3 e5 10. d5 Nac5 11. Be3 f5 12. Nd2 f4 13. Bxc5 Nxc5 14. b4 Nd7 15. Qc2
Nf6 16. Nf3 Nh5 17. c5 Bd7 18. Nb5 Bxb5 19. Bxb5 g5 20. Rac1 h6 21. bxa5 Rxa5
22. a4 Nf6 23. Rfe1 g4 24. hxg4 Nxg4 25. cxd6 cxd6 26. Qc7 Qxc7 27. Rxc7 Rf7
28. Rxf7 Kxf7 29. Rc1 Ra7 30. Rc7+ Kg6 31. Nh4+ Kf6 32. Nf5 Bf8 33. Be8 Kg5 34.
Rf7 Nf6 35. Rxf8 Nxe8 36. Rxe8 Rxa4 37. Nxd6 Ra1+ 38. Kh2 Kf6 39. Nxb7 Ra6 40.
d6 h5 41. d7 Kg5 42. d8=Q+ Kg4 43. Rg8+ Rg6 44. Rxg6# 1-0

[Event "4NCL Online Division 6"]
[Site "online"]
[Date "2020.10.06"]
[Round "4.201"]
[White "Jones, Andrew"]
[Black "Harrison, Peter K"]
[Result "1-0"]
[WhiteElo "1480"]
[BlackElo "1750"]
[PlyCount "67"]
[EventDate "2020.10.06"]
[WhiteTeam "Shropshire 5"]
[BlackTeam "Oadby & Blaby"]

1. e4 c6 2. d4 d5 3. Nd2 dxe4 4. Nxe4 Bf5 5. Ng3 Bg6 6. Nf3 Nd7 7. Bd3 Bxd3 8.
Qxd3 e6 9. O-O Ngf6 10. Re1 Qc7 11. c4 O-O-O 12. a3 h5 13. Ne2 Nc5 14. Qc2 Ncd7
15. b4 Bd6 16. c5 Be7 17. Bf4 e5 18. Nxe5 Nxe5 19. Qf5+ Rd7 20. Bxe5 Qd8 21.
Nc3 g6 22. Qh3 g5 23. Qf5 Rg8 24. b5 Ng4 25. bxc6 bxc6 26. Bg3 h4 27. Qxg4 hxg3
28. fxg3 Rf8 29. Qf5 Qc7 30. Rxe7 Kd8 31. Rxd7+ Qxd7 32. Qxd7+ Kxd7 33. Rb1 Kc8
34. Ne4 1-0